| 000 | 00617cam a22002173a 4500 | ||
|---|---|---|---|
| 001 | 45916 | ||
| 003 | PGUSA | ||
| 005 | 20140828084054.0 | ||
| 008 | 140608s2014||||xxu|||||s|||||000 | eng d | ||
| 040 |
_aPGUSA _beng |
||
| 042 | _adc | ||
| 100 | 1 |
_aStrindberg, August, _d1849-1912 |
|
| 245 | 1 | 0 |
_aInferno Legenden _h[electronic resource] / _cAugust Strindberg |
| 260 |
_bProject Gutenberg, _c2014 |
||
| 506 | _aPublic domain in the USA. | ||
| 516 | _aElectronic text | ||
| 700 | 1 |
_aSchering, Emil, _d1873-1951 |
|
| 830 | 0 |
_aProject Gutenberg _v45916 |
|
| 856 | 4 | 0 | _uhttp://www.gutenberg.org/ebooks/45916 |
| 942 | _cEB | ||
| 999 |
_c275166 _d275166 |
||